000 02144cam a22004094i 4500
003 PE-LiUPU
005 20250731183402.0
008 17089 s2005 sp a rb 000 0 spa d
020 _a8496424189
020 _a9788496424180
035 _a(Sirsi) a238205
040 _aPE-LiUPU
_bspa
_cPE-LiUPU
_erda
049 _aPRUA
082 0 4 _a725.23
_bA72
_216
245 1 0 _aOficinas nuevos conceptos /
_cArian Mostaedi.
264 1 _aEspaña:
_bStructure,
_c2005.
300 _a251 páginas :
_bilustraciones ;
_c23 centimetros.
336 _atext
_2rdacontent
337 _aunmediated
_2rdamedia
338 _avolume
_2rdacarrier
505 0 _aTaller Lindbergh -- Time out new york -- Estudio lissoni -- Oficinas de ing bank & nnh -- Ofinas centrales sony music -- Piso y oficina de arquitectura Anderson -- Cellular operations -- Despacho de abogados bruce s. harvey -- Beacon communications -- Ofina en castelló d'empúries -- Rac regional control center -- Tobias grau -- Estudio de arquitectura -- Oficinas centrales channel 4tv -- Loft nürnberg -- Estudio-recidencia en omaha -- Clínica dental -- Casa-estudio mews -- Riddell advertising and design -- Glass house -- Edificio administrativo de bgw -- Despacho de arquitectura -- Recidencia y oficina lübbering -- Reforma de una oficina -- Jazztel Lisboa --
526 _aP158
526 _aP146
526 _aP17
526 _aP12
526 _aP06
650 0 4 _aEdificios de oficinas
700 1 _aBroto, Carles,
700 1 _aMostaedi, Arian,
910 _ajck
_bjvq
_cksl
_d2017087
942 _2ddc
_cBOOK
949 _a725.23 A72wDEWEY
_c1
_i76714
_lCATALOGING
_mBUL
_p29.00
_r0
_sY
_tBOOK
_u2017-08-9
_xINGENIERIA
_PP06
_0COMPRA
_o.CIRCNOTE. El documento es de alto precio.
_o.STAFF. Colección Ingeniería y Arquitectura
994 _aC0
_bPEPRU
596 _a1
999 _a725.23 A72
_wLC
_c24908
_i76714
_f2021-11-10
_g4
_lCCODEBUL1
_mBUL
_p29.00
_r0
_sY
_tBOOK
_u2017-8-9
_xINGENIERIA
_PP06
_0COMPRA
_o.STAFF. Colección Ingeniería y Arquitectura
_d24908
980 _81
_gALBERTO SANCHEZ Responsable de Automatización